| 000 | 00712nam a22002177a 4500 | ||
|---|---|---|---|
| 003 | OSt | ||
| 005 | 20251020015306.0 | ||
| 008 | 251020b |||||||| |||| 00| 0 eng d | ||
| 040 |
_aDWCL-Main lib _cOC |
||
| 082 |
_2Sixth edition _aRes. 624.1821 S456s 2018 |
||
| 100 | _aSegui, William T. | ||
| 245 |
_aSteel Design/ _cWilliam T. Segui |
||
| 250 | _aSixth edition | ||
| 260 |
_a Boston, USA : _bCengage Learning, _cc2018. |
||
| 300 |
_axvi, 750 pages : _billustrations ; _c23cm. |
||
| 504 | _aIncludes bibliographical references and index. | ||
| 650 | _a1. Building, Iron and Steel | ||
| 650 | _a2. Load factor design | ||
| 650 | _a3. Steel design | ||
| 942 |
_2ddc _cBK-0 CIRC _eSixth edition _kRes. _n0 |
||
| 999 |
_c4913 _d4913 |
||